| 000 | 00964nam a22002777a 4500 | ||
|---|---|---|---|
| 003 | CHAP | ||
| 005 | 20220329134352.0 | ||
| 008 | 971013s1983 r 00010 d | ||
| 010 | _a19450 | ||
| 011 | _a20422 | ||
| 035 | _a24510 | ||
| 040 | _cCHAP | ||
| 090 | _aFolleto 10187 (1983) | ||
| 110 |
_aCentro Internacional de Agricultura Tropical _921185 |
||
| 245 |
_aSistema de evaluación estandar para arroz _b: programa de pruebas internacionales de arroz |
||
| 260 |
_aCali, Colombia : _bEl Centro, _c1983 |
||
| 300 |
_a61 p. _b; gráfs. |
||
| 590 |
_aBATCH-UPD _b10 _c20130110 _lUCH01 _h2250 |
||
| 590 |
_aCONVERSION _b10 _c20130109 _lUCH01 _h1312 |
||
| 650 | 1 | 4 |
_aArroz _xNormas de calidad. _97639 |
| 901 | _aBK | ||
| 942 | _cFOLL | ||
| 949 |
_aFolleto 10187Y (1983) _bBC _cFOLL _d-56464 _eTS1 _i24510 _mD _si |
||
| 949 |
_aFolleto 10187Y (1983) _bBC _cFOLL _d-56465 _eTS2 _fc.2 _i24510 _mD _si |
||
| 949 |
_aFolleto 10187Y (1983) _bBC _cFOLL _d-56466 _eTS2 _fc.3 _i24510 _mD _si |
||
| 999 |
_c19450 _d19450 |
||